الاسلام والحبشة عبر التاريخ

Bibliographic Details
Main Author: غيث، فتحي (Author)
Format: Book
Published: Qahirah : Maktabat al-Nahdah al-Misriyah , [n.d.]
Subjects:

MARC

LEADER 00000cam a2200000 7i4500
001 0000000492
005 20041214093000.0
008 021118n
090 0 0 |a BP64.E8   |b G42 
100 0 |a غيث، فتحي ,   |e author 
241 0 3 |a al-Islam wa-al-Habshah ibar al-tarikh 
245 1 2 |a الاسلام والحبشة عبر التاريخ   |c فتحي غيث 
260 2 |a Qahirah :   |b Maktabat al-Nahdah al-Misriyah ,   |c [n.d.] 
300 |a 391 p. ;   |c 24 cm. 
650 0 |a Islam   |z Ethiopia   |x History 
999 |a 1000015630   |b Book   |c OPEN SHELF (30 DAYS)   |e Gong Badak Campus 
999 |a 1000044665   |b Book   |c OPEN SHELF (30 DAYS)   |e Gong Badak Campus 
999 |a 1000044780   |b Book   |c OPEN SHELF (30 DAYS)   |e Gong Badak Campus 
999 |a 1000044784   |b Book   |c OPEN SHELF (30 DAYS)   |e Gong Badak Campus 
999 |a 1000044785   |b Book   |c OPEN SHELF (30 DAYS)   |e Gong Badak Campus